Report of the committee (Record no. 95217)

MARC details
000 -LEADER
fixed length control field 00468cam a2200193 4500
001 - CONTROL NUMBER
control field D2561
008 - FIXED-LENGTH DATA ELEMENTS--GENERAL INFORMATION
fixed length control field 090401t1934 xxu||||| |||| 00| 0 eng d
035 ## - SYSTEM CONTROL NUMBER
System control number (Sirsi) u69602
041 ## - LANGUAGE CODE
Language code of text/sound track or separate title eng
050 ## - LIBRARY OF CONGRESS CALL NUMBER
Classification number 624.05
110 ## - MAIN ENTRY--CORPORATE NAME
Corporate name or jurisdiction name as entry element Committee on Engineering Quantities
9 (RLIN) 2500
245 ## - TITLE STATEMENT
Title Report of the committee
250 ## - EDITION STATEMENT
Edition statement 2nd
260 ## - PUBLICATION, DISTRIBUTION, ETC.
Place of publication, distribution, etc. London
Name of publisher, distributor, etc. Institution of Civil Engineers
Date of publication, distribution, etc. 1934
300 ## - PHYSICAL DESCRIPTION
Extent 47p. 22cm
350 ## - PRICE (NR) (BK AM CF MU VM SE) [OBSOLETE]
Price 0
942 ## - ADDED ENTRY ELEMENTS (KOHA)
Suppress in OPAC 0
948 ## - LOCAL PROCESSING INFORMATION (OCLC); SERIES PART DESIGNATOR (RLIN)
c (OCLC) 04/03/1997
Holdings
Withdrawn status Lost status Source of classification or shelving scheme Damaged status Not for loan Home library Current library Shelving location Date acquired Total Checkouts Full call number Barcode Date last seen Copy number Price effective from Koha item type
    Dewey Decimal Classification     London London Basement 14/09/1999   SHELF 178 30014264 06/08/2019 1 06/08/2019 Reference material